[Event "34th Rilton Cup"]
[Site "Stockholm SWE"]
[Date "2005.01.04"]
[Round "8.20"]
[White "Ong, Kezli"]
[Black "Landgren, Andreas"]
[Result "1-0"]
[WhiteElo "2325"]
[BlackElo "2198"]
[EventDate "2004.12.27"]
[PlyCount "75"]

1.e4 c5 2.Nf3 d6 3.d4 cxd4 4.Nxd4 Nf6 5.Nc3 a6 6.f4 Qc7 7.Nf3 Nbd7 8.Bd3 
g6 9.O-O Bg7 10.Qe1 e6 11.Qh4 b5 12.f5 Bb7 13.fxe6 fxe6 14.Ng5 Ke7 15.Qh3 
Nf8 16.e5 dxe5 17.Nce4 h6 18.Nxf6 Bxf6 19.Ne4 Nd7 20.Bd2 a5 21.Rae1 Bg7 
22.Qh4+ g5 23.Bxg5+ hxg5 24.Qxg5+ Bf6 25.Rxf6 Bxe4 26.Rg6+ Kd6 27.Bxe4 
Qc5+ 28.Kh1 Rae8 29.Rd1+ Kc7 30.Rg7 Rd8 31.Rgxd7+ Rxd7 32.Rxd7+ Kxd7 33.
Qg7+ Kd6 34.Qxh8 Qf2 35.Qd8+ Kc5 36.Qc7+ Kb4 37.Qc3+ Ka4 38.Qa3# 1-0

[Event "34th Rilton Cup"]
[Site "Stockholm SWE"]
[Date "2005.01.04"]
[Round "8.22"]
[White "Couso, Luis"]
[Black "Miloradovic, Jelena"]
[Result "1-0"]
[WhiteElo "2339"]
[BlackElo "2133"]
[EventDate "2004.12.27"]
[PlyCount "89"]

1.d4 d5 2.c4 c6 3.Nf3 Nf6 4.Nc3 a6 5.c5 Nbd7 6.Bf4 g6 7.e3 Nh5 8.Bd3 Nxf4 
9.exf4 Qc7 10.Qd2 Bg7 11.O-O O-O 12.Rfe1 Re8 13.g3 Nf6 14.Rac1 Bf5 15.Bxf5
gxf5 16.Qd3 Ne4 17.b4 e6 18.Na4 Bf6 19.Nb6 Ra7 20.a4 Bd8 21.Rc2 Nf6 22.Ne5
Re7 23.Kg2 Ne8 24.Ra2 f6 25.Nf3 Qb8 26.Rae2 Ng7 27.Qb3 Bxb6 28.cxb6 Ra8 
29.b5 cxb5 30.axb5 Qd8 31.bxa6 Rxa6 32.Rb1 Rd7 33.Ra2 Rxa2 34.Qxa2 Rd6 35.
Qa7 Qc8 36.Rc1 Rc6 37.Rc5 Ne8 38.Qa4 Nd6 39.Rxc6 Qxc6 40.Qxc6 bxc6 41.Ne1 
e5 42.Nd3 exd4 43.Nc5 d3 44.Kf1 d2 45.Ke2 1-0

[Event "34th Rilton Cup"]
[Site "Stockholm SWE"]
[Date "2005.01.04"]
[Round "8.23"]
[White "Tetenkina, Irina"]
[Black "Jansson, Anders Owen"]
[Result "1/2-1/2"]
[WhiteElo "2255"]
[BlackElo "2128"]
[EventDate "2004.12.27"]
[PlyCount "105"]

1.Nf3 d6 2.d4 g6 3.g3 Bg7 4.Bg2 Nd7 5.c4 e5 6.Nc3 Ne7 7.e3 O-O 8.b3 exd4 
9.Nxd4 Ne5 10.Bb2 Bg4 11.f3 Bd7 12.O-O Qc8 13.Rc1 Bh3 14.Nd5 Nxd5 15.cxd5 
Bxg2 16.Kxg2 c5 17.dxc6 bxc6 18.Rf2 Qb7 19.Qe2 a5 20.a4 Rfe8 21.e4 d5 22.
f4 Nd7 23.e5 Rac8 24.Qd2 Bf8 25.Bc3 Nc5 26.Qc2 Ne4 27.Rf3 c5 28.Nb5 c4 29.
bxc4 Rxc4 30.Qd1 Rec8 31.Bb2 Bb4 32.Rxc4 dxc4 33.Bd4 Nd2 34.Nc3 Nxf3 35.
Qxf3 Qxf3+ 36.Kxf3 Kf8 37.Ke4 h5 38.Kd5 Ke7 39.h3 Kd7 40.g4 hxg4 41.hxg4 
Rc6 42.f5 Rc8 43.Ke4 gxf5+ 44.gxf5 Bxc3 45.Bxc3 Kc6 46.Bxa5 Ra8 47.Bc3 
Rxa4 48.Kd4 Kb5 49.e6 fxe6 50.fxe6 Kc6 51.e7 Kd7 52.Kc5 Kxe7 53.Kb5 
1/2-1/2

[Event "34th Rilton Cup"]
[Site "Stockholm SWE"]
[Date "2005.01.04"]
[Round "8.25"]
[White "Edlund, Robin"]
[Black "McGowan, Daniel"]
[Result "1-0"]
[WhiteElo "2206"]
[BlackElo "2098"]
[EventDate "2004.12.27"]
[PlyCount "53"]

1.e4 e6 2.d4 d5 3.Nc3 dxe4 4.Nxe4 Nd7 5.Nf3 Ngf6 6.Nxf6+ Nxf6 7.c3 Be7 8.
Bd3 O-O 9.Ne5 c5 10.Be3 Nd5 11.Qc2 f5 12.O-O Bg5 13.Bxg5 Qxg5 14.dxc5 Nf4 
15.g3 Nxd3 16.Qxd3 f4 17.Qe4 f3 18.Rad1 Qh5 19.Rd3 b6 20.c6 Ba6 21.c4 b5 
22.b3 bxc4 23.bxc4 Rf6 24.Rfd1 Raf8 25.Rd8 Bxc4 26.Rxf8+ Rxf8 27.Nxc4 1-0

[Event "34th Rilton Cup"]
[Site "Stockholm SWE"]
[Date "2005.01.04"]
[Round "8.26"]
[White "Kafka, Graeme"]
[Black "Johansson, Viktoria"]
[Result "1/2-1/2"]
[WhiteElo "2122"]
[BlackElo "2189"]
[EventDate "2004.12.27"]
[PlyCount "57"]

1.e4 c5 2.Nf3 Nc6 3.d4 cxd4 4.Nxd4 e5 5.Nb5 d6 6.Be3 Be7 7.Nd2 a6 8.Nc3 
Be6 9.Nc4 b5 10.Nb6 Rb8 11.Nbd5 Nf6 12.Be2 O-O 13.O-O Bxd5 14.exd5 Na5 15.
b3 Qc7 16.Bd2 b4 17.Na4 Nxd5 18.Bxa6 Nf6 19.Bg5 Qc6 20.Qe2 Rfe8 21.Be3 Nd5
22.Bd3 Nxe3 23.Qxe3 d5 24.c3 e4 25.cxb4 Rxb4 26.Rac1 Qg6 27.Qa7 Nc6 28.Qd7
Rd8 29.Bxe4 1/2-1/2

[Event "34th Rilton Cup"]
[Site "Stockholm SWE"]
[Date "2005.01.04"]
[Round "8.27"]
[White "Lardot, Derik"]
[Black "Norberg, Erik"]
[Result "1/2-1/2"]
[WhiteElo "2029"]
[BlackElo "2188"]
[EventDate "2004.12.27"]
[PlyCount "144"]

1.e4 g6 2.d4 Bg7 3.c3 d6 4.Be3 Nf6 5.Bd3 Nc6 6.f3 e5 7.Ne2 d5 8.Nd2 dxe4 
9.Nxe4 Nd5 10.Bf2 exd4 11.Nxd4 Ne5 12.O-O O-O 13.Re1 c6 14.Bf1 Kh8 15.Nd2 
c5 16.N4b3 b6 17.Nc4 Nc6 18.Ne3 Nxe3 19.Qxd8 Rxd8 20.Bxe3 Be6 21.Nd2 Ne5 
22.Bg5 Rd5 23.Ne4 h6 24.Bf6 Nd3 25.Bxg7+ Kxg7 26.Bxd3 Rxd3 27.Re2 Rad8 28.
Kf2 Bc4 29.b3 Bd5 30.c4 Bc6 31.g4 a5 32.Re3 Bxe4 33.Rxe4 a4 34.bxa4 Ra3 
35.Re2 Rdd3 36.Rb1 Rxf3+ 37.Kg2 Rf4 38.h3 Rxc4 39.Rxb6 Rcxa4 40.Rbb2 Rd4 
41.Rb3 Ra7 42.Rc3 c4 43.Rec2 Ra4 44.Rf3 Rd3 45.Rxd3 cxd3 46.Rd2 Ra3 47.Kf3
Kf6 48.Kf4 Ra4+ 49.Kf3 Kg5 50.Kg3 Ra3 51.h4+ Kf6 52.Kf4 Ra4+ 53.Kf3 Ra3 
54.Kf4 Ke6 55.Ke4 Ra4+ 56.Kf3 Rd4 57.h5 gxh5 58.gxh5 Rd5 59.Kf4 f6 60.a3 
Rxh5 61.Rxd3 Rh4+ 62.Kg3 Ra4 63.Rb3 Kf5 64.Rb5+ Kg6 65.Rb3 Kg5 66.Rc3 h5 
67.Rb3 f5 68.Rc3 h4+ 69.Kh3 Ra5 70.Rb3 f4 71.a4 Rxa4 72.Rb5+ Kf6 1/2-1/2

[Event "34th Rilton Cup"]
[Site "Stockholm SWE"]
[Date "2005.01.04"]
[Round "8.28"]
[White "Haapasalo, Jukka-Pekka"]
[Black "Agrest, Roman"]
[Result "0-1"]
[WhiteElo "2182"]
[BlackElo "2107"]
[EventDate "2004.12.27"]
[PlyCount "34"]

1.e4 c5 2.Nf3 d6 3.d4 cxd4 4.Nxd4 Nf6 5.Nc3 a6 6.Bc4 e6 7.Bb3 b5 8.O-O Bb7
9.Re1 Nbd7 10.Bg5 h6 11.Bh4 Nc5 12.Bd5 Be7 13.Bxb7 Nxb7 14.Nc6 Qd7 15.Nxe7
Kxe7 16.Qf3 g5 17.Nd5+ Nxd5 0-1

[Event "34th Rilton Cup"]
[Site "Stockholm SWE"]
[Date "2005.01.04"]
[Round "8.29"]
[White "Lohou, Stephane"]
[Black "Jensen, Leif Haugaard"]
[Result "1/2-1/2"]
[WhiteElo "2167"]
[BlackElo "2067"]
[EventDate "2004.12.27"]
[PlyCount "45"]

1.e4 e6 2.d4 d5 3.Nc3 dxe4 4.Nxe4 Nd7 5.Nf3 Ngf6 6.Bg5 Be7 7.Bxf6 Nxf6 8.
Bd3 O-O 9.O-O c6 10.c4 Qc7 11.Re1 Rd8 12.Qe2 b6 13.Rad1 Nxe4 14.Qxe4 g6 
15.Ne5 Bd6 16.Nxc6 Bb7 17.d5 Bxc6 18.dxc6 Bxh2+ 19.Kh1 Bd6 20.Qe2 Qe7 21.
g3 Rac8 22.Be4 Bc7 23.a3 1/2-1/2

[Event "34th Rilton Cup"]
[Site "Stockholm SWE"]
[Date "2005.01.04"]
[Round "8.32"]
[White "Hammar, Ulf"]
[Black "Adler, Bo"]
[Result "0-1"]
[WhiteElo "2119"]
[BlackElo "2192"]
[EventDate "2004.12.27"]
[PlyCount "52"]

1.d4 Nf6 2.c4 g6 3.Nc3 Bg7 4.e4 O-O 5.Nf3 d6 6.g3 e5 7.Bg2 Nc6 8.O-O Bg4 
9.d5 Nd4 10.Qd3 Nd7 11.Na4 f5 12.Nxd4 exd4 13.f4 fxe4 14.Bxe4 Nf6 15.b3 
Nxe4 16.Qxe4 Re8 17.Qg2 Re2 18.Rf2 d3 19.Bb2 Bxb2 20.Nxb2 Qf6 21.Rb1 Qd4 
22.h3 Bxh3 23.Qf3 Bg4 24.Qg2 Rae8 25.Nd1 Re1+ 26.Kh2 Rxd1 0-1

[Event "34th Rilton Cup"]
[Site "Stockholm SWE"]
[Date "2005.01.04"]
[Round "8.33"]
[White "Stenson, Johan"]
[Black "Vaenman, Kent"]
[Result "1-0"]
[WhiteElo "2099"]
[BlackElo "2189"]
[EventDate "2004.12.27"]
[PlyCount "65"]

1.e4 c5 2.c3 d6 3.d4 Nf6 4.Bd3 e5 5.Nf3 Nc6 6.O-O Be7 7.h3 O-O 8.Re1 a6 9.
Be3 b5 10.Nbd2 Bd7 11.Qe2 b4 12.dxc5 dxc5 13.Bxa6 bxc3 14.bxc3 Qc7 15.Bc4 
Na5 16.Bd5 Rab8 17.Rab1 Nxd5 18.exd5 c4 19.Bg5 Rxb1 20.Rxb1 f6 21.Be3 Rb8 
22.Qd1 Ba3 23.Rxb8+ Qxb8 24.Ne4 Qb2 25.Bc5 Nb7 26.Bxa3 Qxa3 27.Qb1 Qa7 28.
Qb4 Kf7 29.Qxc4 Qb6 30.Qb4 Qa6 31.a3 h6 32.c4 f5 33.Nxe5+ 1-0

[Event "34th Rilton Cup"]
[Site "Stockholm SWE"]
[Date "2005.01.04"]
[Round "8.34"]
[White "Janse, Love"]
[Black "Lappalainen, Tommy"]
[Result "1/2-1/2"]
[WhiteElo "2100"]
[BlackElo "2188"]
[EventDate "2004.12.27"]
[PlyCount "52"]

1.e4 d5 2.Nc3 e6 3.g3 dxe4 4.Nxe4 Bd7 5.d3 Bc6 6.Nf3 Nf6 7.Qe2 Be7 8.Bg2 
Nbd7 9.O-O Nc5 10.Nxc5 Bxc5 11.d4 Be7 12.c4 O-O 13.Bd2 Rb8 14.Bc3 Ne4 15.
Qc2 Nxc3 16.Qxc3 Bf6 17.Rfd1 Bxf3 18.Bxf3 c5 19.Qa3 Bxd4 20.Qxa7 Qc7 21.
Qa3 b5 22.cxb5 Rxb5 23.Rab1 Rfb8 24.b3 e5 25.Qc1 Qa5 26.Qc2 g6 1/2-1/2

[Event "34th Rilton Cup"]
[Site "Stockholm SWE"]
[Date "2005.01.04"]
[Round "8.35"]
[White "Pukkila, Markku"]
[Black "Horn, Emilia"]
[Result "1/2-1/2"]
[WhiteElo "2181"]
[BlackElo "2046"]
[EventDate "2004.12.27"]
[PlyCount "81"]

1.e4 e5 2.Nf3 Nc6 3.Bc4 Nf6 4.d3 Be7 5.c3 O-O 6.O-O d6 7.Nbd2 a6 8.Bb3 Be6
9.Re1 Bxb3 10.Qxb3 Qc8 11.Nf1 b5 12.Ng3 Nd7 13.Nf5 Bf6 14.Be3 Nd8 15.c4 
bxc4 16.Qxc4 Ne6 17.Rac1 a5 18.d4 Qa6 19.Qa4 exd4 20.N3xd4 Ndc5 21.Qd1 
Rab8 22.b3 a4 23.Nxe6 fxe6 24.Bxc5 dxc5 25.Ne3 axb3 26.axb3 Bd4 27.Qc2 Qb5
28.Rb1 c6 29.Re2 Rb7 30.Kh1 Rbf7 31.f3 Qb8 32.Qc4 Qf4 33.Nf1 Rf6 34.e5 
Bxe5 35.Qxf4 Bxf4 36.Kg1 Rb8 37.Re4 Kf7 38.g3 Bc7 39.Kg2 Ke7 40.Nd2 Ra8 
41.Rb2 1/2-1/2

[Event "34th Rilton Cup"]
[Site "Stockholm SWE"]
[Date "2005.01.04"]
[Round "8.37"]
[White "Penttilae, Tero"]
[Black "Forsberg, Viktor"]
[Result "1/2-1/2"]
[WhiteElo "2006"]
[BlackElo "2137"]
[EventDate "2004.12.27"]
[PlyCount "26"]

1.e4 c5 2.Nf3 d6 3.d4 cxd4 4.Nxd4 Nf6 5.Nc3 g6 6.Be3 Bg7 7.f3 O-O 8.Qd2 
Nc6 9.Bc4 Nd7 10.O-O-O Nb6 11.Bb3 Na5 12.Qd3 Nxb3+ 13.axb3 d5 1/2-1/2

[Event "34th Rilton Cup"]
[Site "Stockholm SWE"]
[Date "2005.01.04"]
[Round "8.38"]
[White "Janse, Rasmus"]
[Black "Hansson, Haakan"]
[Result "1-0"]
[WhiteElo "1999"]
[BlackElo "2137"]
[EventDate "2004.12.27"]
[PlyCount "115"]

1.d4 d5 2.c4 c6 3.Nf3 Nf6 4.Nc3 g6 5.e3 Bg7 6.Bd3 O-O 7.O-O dxc4 8.Bxc4 
Nd5 9.Qb3 e6 10.e4 Nb6 11.Bg5 Qc7 12.Be2 f6 13.Bh4 Kh8 14.a4 Qf7 15.a5 
N6d7 16.Bc4 Re8 17.e5 g5 18.exf6 gxh4 19.fxg7+ Qxg7 20.Ne4 Qe7 21.Nfg5 Nf6
22.Nd6 Rg8 23.Nxc8 Rxc8 24.Bxe6 Rf8 25.Rae1 Qc7 26.Bh3 Qxa5 27.Qxb7 Qxg5 
28.Qxa8 Qg7 29.Ra1 a6 30.Rxa6 Nxa6 31.Qxa6 Nd5 32.Qxc6 Nf4 33.Kh1 Nxh3 34.
gxh3 Qxd4 35.Qc3 Qxc3 36.bxc3 Rc8 37.Rc1 Rc4 38.Kg2 Kg7 39.Kf3 Kf6 40.Ke3 
Ke5 41.f3 Ra4 42.Rb1 Rc4 43.Rc1 Ra4 44.Rd1 Rc4 45.Rd3 Kf5 46.Kd2 Ra4 47.
Rd4 Ra2+ 48.Ke3 Kg5 49.Rd2 Ra3 50.Rc2 Kf5 51.Kd4 Ke6 52.Ke4 h5 53.c4 Kd6 
54.c5+ Kc6 55.f4 Rxh3 56.f5 Ra3 57.f6 Ra1 58.Rf2 1-0

[Event "34th Rilton Cup"]
[Site "Stockholm SWE"]
[Date "2005.01.04"]
[Round "8.39"]
[White "Todorovic, Zoran"]
[Black "Aasberg, Anders"]
[Result "1-0"]
[WhiteElo "2134"]
[BlackElo "1954"]
[EventDate "2004.12.27"]
[PlyCount "69"]

1.e4 c5 2.Nf3 Nc6 3.d4 cxd4 4.Nxd4 g6 5.Be3 Bg7 6.Nc3 Nf6 7.Bc4 Qa5 8.Bd3 
Nxd4 9.Bxd4 Qb4 10.Be2 O-O 11.O-O Nxe4 12.Bxg7 Kxg7 13.Nd5 Qd6 14.c4 Nf6 
15.Re1 Nxd5 16.cxd5 Qf6 17.d6 exd6 18.Bf3 Rb8 19.Qa4 a6 20.b3 d5 21.Bxd5 
b5 22.Qb4 d6 23.Rad1 Rd8 24.Rd3 Bf5 25.Rf3 Re8 26.Rd1 Re5 27.g4 Qg5 28.Rg3
Bc2 29.f4 Qh4 30.fxe5 Bxd1 31.exd6 Qf6 32.Rg2 Qa1 33.Rf2 f6 34.Rf1 Qc1 35.
Qd4 1-0

[Event "34th Rilton Cup"]
[Site "Stockholm SWE"]
[Date "2005.01.04"]
[Round "8.40"]
[White "Namini, Armin"]
[Black "Ozga, Magdalena"]
[Result "1-0"]
[WhiteElo "2132"]
[BlackElo "1911"]
[EventDate "2004.12.27"]
[PlyCount "77"]

1.d4 e6 2.g3 c5 3.Nf3 Nc6 4.Bg2 cxd4 5.Nxd4 d5 6.O-O Nf6 7.c4 Bc5 8.Nb3 
Be7 9.cxd5 Nxd5 10.e3 O-O 11.Qe2 b6 12.Rd1 Qc7 13.e4 Nf6 14.Nc3 a6 15.Bf4 
e5 16.Bg5 Bg4 17.Bf3 Bxf3 18.Qxf3 Ne8 19.Nd5 Qb7 20.Be3 b5 21.Nc5 Qb8 22.
Nd7 Qb7 23.Nxe7+ Nxe7 24.Bc5 Nf6 25.Bxe7 Nxd7 26.Bxf8 Rxf8 27.Qf5 Nf6 28.
Qxe5 Re8 29.Qc3 Rxe4 30.Rd8+ Re8 31.Rxe8+ Nxe8 32.Rd1 Qe7 33.Re1 Qd7 34.
Qe5 Kf8 35.Qc5+ Nd6 36.Rd1 Ke7 37.Qg5+ Kf8 38.Qe5 Nc4 39.Qc5+ 1-0

[Event "34th Rilton Cup"]
[Site "Stockholm SWE"]
[Date "2005.01.04"]
[Round "8.41"]
[White "Isaksson, Per"]
[Black "Elfstroem, Joergen"]
[Result "1/2-1/2"]
[WhiteElo "2072"]
[BlackElo "2131"]
[EventDate "2004.12.27"]
[PlyCount "42"]

1.d4 Nf6 2.c4 e6 3.Nc3 Bb4 4.Qc2 O-O 5.a3 Bxc3+ 6.Qxc3 b6 7.Bg5 Ba6 8.e3 
d6 9.Nf3 Nbd7 10.Bd3 h6 11.Bh4 c5 12.O-O Rc8 13.Qb3 Bb7 14.Nd2 d5 15.Rac1 
Qe7 16.Rfe1 Rfd8 17.f3 e5 18.dxe5 Nxe5 19.Bf1 Qe6 20.cxd5 Bxd5 21.Qc2 Ng6 
1/2-1/2

[Event "34th Rilton Cup"]
[Site "Stockholm SWE"]
[Date "2005.01.04"]
[Round "8.45"]
[White "Wilsbeck, Jan Boerge"]
[Black "Styf, Josef"]
[Result "1/2-1/2"]
[WhiteElo "1947"]
[BlackElo "2087"]
[EventDate "2004.12.27"]
[PlyCount "81"]

1.e4 c5 2.Nf3 d6 3.d4 cxd4 4.Nxd4 e5 5.Nb5 Nf6 6.Bd3 a6 7.N5c3 Be7 8.O-O 
O-O 9.Bg5 Nbd7 10.h3 b5 11.a3 Bb7 12.Qe2 Nc5 13.Nd2 Ne6 14.Be3 Re8 15.Rfe1
Bf8 16.Nf1 Nd4 17.Qd1 Qd7 18.Bg5 Be7 19.Ne3 Rac8 20.Bxf6 Bxf6 21.Ncd5 Bd8 
22.c3 Ne6 23.Kh2 Nf4 24.Be2 Nxd5 25.Nxd5 g6 26.a4 Bc6 27.axb5 axb5 28.Qd3 
Qb7 29.Nb4 Bxe4 30.Qxb5 Bb6 31.f3 Bc6 32.Nxc6 Rxc6 33.Red1 Rb8 34.Qd5 Be3 
35.Bc4 Bf4+ 36.Kh1 Qc7 37.b3 Rc8 38.Rd3 Qe7 39.Qe4 Qh4 40.Qe1 Bg3 41.Qe4 
1/2-1/2

[Event "34th Rilton Cup"]
[Site "Stockholm SWE"]
[Date "2005.01.04"]
[Round "8.47"]
[White "Dalmau, Anneli"]
[Black "Wikstroem, Hans"]
[Result "1/2-1/2"]
[WhiteElo "2087"]
[BlackElo "2048"]
[EventDate "2004.12.27"]
[PlyCount "88"]

1.e4 c5 2.Nf3 Nc6 3.d4 cxd4 4.Nxd4 Nf6 5.Nc3 e5 6.Ndb5 h6 7.Nd5 Nxd5 8.
exd5 a6 9.dxc6 axb5 10.cxd7+ Bxd7 11.Qd5 Qc7 12.Bd2 Bc5 13.Bd3 Ra4 14.Bc3 
O-O 15.O-O Bd6 16.Bxb5 Be6 17.Qd2 Rh4 18.Rad1 Be7 19.Qe3 Rh5 20.Be2 Rg5 
21.Bf3 b5 22.a3 Rc8 23.Rd2 Bxa3 24.Ra1 b4 25.bxa3 Qxc3 26.Qxc3 Rxc3 27.h4 
Rg6 28.Bh5 Rf6 29.axb4 Rf4 30.Ra8+ Kh7 31.b5 Rb4 32.Ra7 Rb1+ 33.Kh2 Rxb5 
34.Bxf7 Bxf7 35.Rxf7 Kg6 36.Rdd7 Rxc2 37.g4 Rb4 38.Rxg7+ Kf6 39.Rgf7+ Ke6 
40.Rfe7+ Kf6 41.Kg3 Rc3+ 42.f3 Rf4 43.Rf7+ Ke6 44.Rfe7+ Kf6 1/2-1/2

[Event "34th Rilton Cup"]
[Site "Stockholm SWE"]
[Date "2005.01.04"]
[Round "8.49"]
[White "Bernholdsson, Svante"]
[Black "Cleanthous, Demetris"]
[Result "0-1"]
[WhiteElo "1955"]
[BlackElo "2051"]
[EventDate "2004.12.27"]
[PlyCount "108"]

1.d4 d6 2.e4 g6 3.f4 Bg7 4.Nf3 Nf6 5.Nc3 O-O 6.Be2 c5 7.dxc5 Qa5 8.O-O 
Qxc5+ 9.Kh1 Ng4 10.Qe1 Ne3 11.Bxe3 Qxe3 12.Ng5 Nc6 13.Nd5 Qd4 14.c3 Qa4 
15.Bd3 h6 16.Nf3 Qa5 17.Qh4 Qd8 18.Qg3 e6 19.Ne3 Qb6 20.Nc4 Qc7 21.f5 exf5
22.exf5 gxf5 23.Nh4 Be6 24.Nxf5 Bxf5 25.Rxf5 Ne5 26.Nxe5 dxe5 27.Raf1 Rad8
28.Qf3 Qd7 29.Be4 Qe6 30.Qe3 b6 31.h3 Rd6 32.Qf3 Qd7 33.Qg3 Rg6 34.Qf3 Rd6
35.Bc2 f6 36.Qe4 Qc6 37.Bb3+ Kh8 38.Qg4 e4 39.Rh5 e3 40.Qg6 f5 41.Qg3 Rg6 
42.Bd5 Rxg3 43.Bxc6 f4 44.Rh4 Rg6 45.Bf3 Rd6 46.Re1 Rd2 47.Re2 Rd1+ 48.Kh2
Rf1 49.Rh5 Rd8 50.Rd5 Rxd5 51.Bxd5 Be5 52.Bf3 h5 53.Rc2 h4 54.g4 Rxf3 0-1

[Event "34th Rilton Cup"]
[Site "Stockholm SWE"]
[Date "2005.01.04"]
[Round "8.50"]
[White "Toecklin, Tomi"]
[Black "Alquist, Erik"]
[Result "0-1"]
[WhiteElo "1969"]
[BlackElo "2095"]
[EventDate "2004.12.27"]
[PlyCount "42"]

1.e4 c5 2.Nf3 e6 3.c3 Nf6 4.e5 Nd5 5.d4 cxd4 6.cxd4 d6 7.a3 Bd7 8.Bd3 Bc6 
9.O-O Nd7 10.Re1 Qc7 11.Nbd2 Nf4 12.Bb1 Ng6 13.exd6 Bxd6 14.Ne4 Be7 15.
Neg5 O-O 16.h4 Nf6 17.Ne5 Nxh4 18.Qc2 g6 19.Bf4 Bd6 20.g3 Ng2 21.Nxc6 Nxe1
0-1

[Event "34th Rilton Cup"]
[Site "Stockholm SWE"]
[Date "2005.01.04"]
[Round "8.52"]
[White "Hayes, Stuart"]
[Black "Helin, Mikael"]
[Result "0-1"]
[WhiteElo "2048"]
[BlackElo "1961"]
[EventDate "2004.12.27"]
[PlyCount "76"]

1.e4 c5 2.d4 cxd4 3.c3 d3 4.Bxd3 e6 5.Nf3 a6 6.c4 Nc6 7.Nc3 Qc7 8.O-O Nf6 
9.Re1 Ng4 10.h3 h5 11.Nd5 exd5 12.exd5+ Ne7 13.hxg4 hxg4 14.Ne5 d6 15.Nxg4
Bd7 16.Bg5 O-O-O 17.Bxe7 Bxe7 18.Rxe7 Rh4 19.Bf5 Rdh8 20.Nh2 Rxh2 21.Bh3 
R2xh3 22.gxh3 Qd8 23.Re3 Qh4 24.Qf3 Qg5+ 25.Qg3 Qf6 26.Rae1 Rxh3 27.Qg2 
Rh5 28.b3 Qh6 29.Rg3 g6 30.Ree3 Qg7 31.Rc3 Kb8 32.Qe4 Qh8 33.b4 Re5 34.Qb1
Bf5 35.Qd1 Be4 36.Rh3 Rg5+ 37.Kh2 Rg2+ 38.Kh1 Rg3+ 0-1

[Event "34th Rilton Cup"]
[Site "Stockholm SWE"]
[Date "2005.01.06"]
[Round "9.4"]
[White "Furhoff, Johan"]
[Black "Berg, Emanuel"]
[Result "0-1"]
[WhiteElo "2338"]
[BlackElo "2529"]
[EventDate "2004.12.27"]
[PlyCount "66"]

1.e4 e6 2.d4 d5 3.Nd2 Nf6 4.e5 Nfd7 5.c3 c5 6.f4 Nc6 7.Ndf3 Qb6 8.g3 Be7 
9.Ne2 cxd4 10.cxd4 f6 11.Bh3 O-O 12.Rf1 Kh8 13.Nc3 fxe5 14.fxe5 Rxf3 15.
Qxf3 Nxd4 16.Qf2 h6 17.Qf7 Qd8 18.Qh5 Bf8 19.Bxh6 gxh6 20.O-O-O Bg7 21.
Rxd4 Nxe5 22.Kb1 Bd7 23.Rdf4 Be8 24.Qd1 Bg6+ 25.Ka1 Qe7 26.Bg2 Rc8 27.h4 
Nd3 28.Rg4 Nxb2 29.Qe2 Nd1 30.Rxg6 Bxc3+ 31.Kb1 Qb4+ 32.Kc2 Be1+ 33.Kxd1 
Qb1# 0-1

[Event "34th Rilton Cup"]
[Site "Stockholm SWE"]
[Date "2005.01.05"]
[Round "9.5"]
[White "Hermansson, Emil"]
[Black "Cramling, Pia"]
[Result "1/2-1/2"]
[WhiteElo "2414"]
[BlackElo "2477"]
[EventDate "2004.12.27"]
[PlyCount "77"]

1.e4 c5 2.Nf3 a6 3.c4 e6 4.Nc3 Qc7 5.d4 cxd4 6.Nxd4 Nf6 7.a3 b6 8.Be2 Bb7 
9.f3 Be7 10.Be3 d6 11.Rc1 Nbd7 12.O-O Rc8 13.b4 O-O 14.Qd2 Qb8 15.Rfd1 Bd8
16.Kh1 Re8 17.Bf1 Bc7 18.Bg1 d5 19.exd5 Bf4 20.Be3 Bxe3 21.Qxe3 exd5 22.
Qd2 Re5 23.cxd5 Nxd5 24.Nxd5 Rxd5 25.Rxc8+ Qxc8 26.Rc1 Qd8 27.Qc3 Nf8 28.
Qc7 Qd7 29.Qxd7 Rxd7 30.Nf5 Ne6 31.Kg1 Kf8 32.Ne3 b5 33.Rc2 Ke7 34.a4 bxa4
35.Ra2 g6 36.Rxa4 Rd4 37.Bxa6 Bc6 38.Ra5 Rxb4 39.Bc4 1/2-1/2

[Event "34th Rilton Cup"]
[Site "Stockholm SWE"]
[Date "2005.01.05"]
[Round "9.7"]
[White "Ulybin, Mikhail"]
[Black "Bellon Lopez, Juan Manuel"]
[Result "1-0"]
[WhiteElo "2556"]
[BlackElo "2425"]
[EventDate "2004.12.27"]
[PlyCount "97"]

1.d4 Nf6 2.Nf3 c5 3.d5 b5 4.Bg5 Ne4 5.Bh4 Bb7 6.Qd3 Qa5+ 7.c3 f5 8.Nbd2 
Na6 9.Nxe4 fxe4 10.Qxe4 Nc7 11.Qf5 d6 12.e4 b4 13.c4 b3+ 14.Nd2 g6 15.Qh3 
bxa2 16.Qa3 Qb6 17.Qa4+ Kf7 18.Rxa2 Na6 19.Be2 Bh6 20.f4 Qb4 21.Qd7 Rhe8 
22.Qg4 Kg8 23.Bg5 Bxg5 24.Qxg5 e6 25.h4 Qb6 26.h5 Qd8 27.hxg6 Qxg5 28.
gxh7+ Kg7 29.fxg5 Nb4 30.Ra5 exd5 31.cxd5 a6 32.Rh6 Rad8 33.Kf2 Re5 34.
h8=Q+ Rxh8 35.Rxd6 Rf8+ 36.Kg1 Bxd5 37.Rxc5 Rfe8 38.Bh5 Bg8 39.Rc7+ R8e7 
40.Rg6+ Kh7 41.Rh6+ Kg7 42.Rg6+ Kh7 43.Rxe7+ Rxe7 44.Rb6 a5 45.Nf3 Nd3 46.
Nd4 a4 47.Rh6+ Kg7 48.Nf5+ Kf8 49.Rf6+ 1-0

[Event "34th Rilton Cup"]
[Site "Stockholm SWE"]
[Date "2005.01.05"]
[Round "9.8"]
[White "Hedman, Erik"]
[Black "Lyrberg, Patrik"]
[Result "1-0"]
[WhiteElo "2320"]
[BlackElo "2432"]
[EventDate "2004.12.27"]
[PlyCount "43"]

1.e4 e6 2.d4 d5 3.Nd2 dxe4 4.Nxe4 Bd7 5.Nf3 Bc6 6.Bd3 Nd7 7.O-O Ngf6 8.
Ned2 b5 9.a4 b4 10.Bb5 Bb7 11.a5 c6 12.Bd3 Rc8 13.Nc4 Nd5 14.Ng5 c5 15.Re1
N5f6 16.Bf5 Bd5 17.Ne3 Be7 18.Nxd5 exd5 19.Qe2 Rc6 20.dxc5 a6 21.Nf3 Nxc5 
22.Nd4 1-0

[Event "34th Rilton Cup"]
[Site "Stockholm SWE"]
[Date "2005.01.05"]
[Round "9.9"]
[White "Aakesson, Ralf"]
[Black "Paterek, Michal"]
[Result "1-0"]
[WhiteElo "2472"]
[BlackElo "2269"]
[EventDate "2004.12.27"]
[PlyCount "61"]

1.d4 c5 2.d5 g6 3.e4 Bg7 4.Nf3 d6 5.h3 Nf6 6.Nc3 O-O 7.a4 Na6 8.Bc4 Nc7 9.
Bf4 Nd7 10.O-O Nb6 11.Bb3 a5 12.Qd3 Bd7 13.Rfe1 Rc8 14.Nd2 Na6 15.Nc4 Nxc4
16.Bxc4 Qb6 17.b3 Rcd8 18.Rad1 Rfe8 19.Qd2 Nb4 20.Nb5 Na6 21.e5 dxe5 22.
Bxe5 Bxe5 23.Rxe5 Nc7 24.Nxc7 Qxc7 25.Rde1 b6 26.d6 exd6 27.Re7 Rxe7 28.
Rxe7 d5 29.Bxd5 Rf8 30.Bc4 Rd8 31.Rxf7 1-0

[Event "34th Rilton Cup"]
[Site "Stockholm SWE"]
[Date "2005.01.05"]
[Round "9.10"]
[White "Palo, Davor"]
[Black "Kosmo, Santul"]
[Result "1/2-1/2"]
[WhiteElo "2526"]
[BlackElo "2206"]
[EventDate "2004.12.27"]
[PlyCount "90"]

1.d4 e6 2.c4 c5 3.d5 exd5 4.cxd5 d6 5.e4 g6 6.Nf3 Nf6 7.Nbd2 Bg4 8.Bd3 Bg7
9.O-O O-O 10.h3 Bxf3 11.Nxf3 a6 12.Re1 Nbd7 13.Bf4 Qe7 14.Qd2 Rfe8 15.Rad1
Nh5 16.Bg5 Qf8 17.a4 Ne5 18.Be2 h6 19.Be3 Nf6 20.Qc2 Nxf3+ 21.Bxf3 b5 22.
Bf4 Nd7 23.axb5 axb5 24.b3 Rab8 25.Kh1 Ne5 26.Be2 Qe7 27.Bf1 Rec8 28.Rb1 
Rb7 29.Bg3 g5 30.Be2 Ra8 31.Ra1 Qd8 32.Ra2 b4 33.Rea1 Rbb8 34.Ra6 Rxa6 35.
Rxa6 Ra8 36.Qa2 Rxa6 37.Qxa6 Qf6 38.Qc8+ Bf8 39.Qe8 Ng6 40.Bc4 Kg7 41.Qd7 
h5 42.Kg1 Qa1+ 43.Kh2 Qf6 44.Kg1 Be7 45.Bf1 Bf8 1/2-1/2

[Event "34th Rilton Cup"]
[Site "Stockholm SWE"]
[Date "2005.01.05"]
[Round "9.11"]
[White "Lindberg, Henrik"]
[Black "Handke, Florian"]
[Result "0-1"]
[WhiteElo "2218"]
[BlackElo "2467"]
[EventDate "2004.12.27"]
[PlyCount "66"]

1.c4 c5 2.Nc3 b6 3.e3 g6 4.d4 Nf6 5.Nf3 Bg7 6.Be2 O-O 7.O-O d6 8.e4 a6 9.
Bg5 cxd4 10.Nxd4 Bb7 11.f3 Nbd7 12.Qd2 Rc8 13.Rac1 Re8 14.Rfd1 e6 15.b4 
Bf8 16.a3 Qc7 17.Kh1 Qb8 18.Bf1 Be7 19.Be3 Bd8 20.Rc2 Bc7 21.Bg1 Kh8 22.
Nb3 Rg8 23.Qg5 Rg7 24.Bd4 Bd8 25.Qg3 g5 26.Bxf6 Nxf6 27.Rxd6 Bc7 28.Rcd2 
g4 29.Qe5 Bxd6 30.Qxd6 Qxd6 31.Rxd6 gxf3 32.Rxb6 fxg2+ 33.Bxg2 Rcg8 0-1

[Event "34th Rilton Cup"]
[Site "Stockholm SWE"]
[Date "2005.01.05"]
[Round "9.13"]
[White "Norberg, Johan"]
[Black "Molander, Riku"]
[Result "1/2-1/2"]
[WhiteElo "2195"]
[BlackElo "2328"]
[EventDate "2004.12.27"]
[PlyCount "42"]

1.e4 c5 2.Nf3 Nc6 3.d4 cxd4 4.Nxd4 Nf6 5.Nc3 d6 6.Bc4 e6 7.O-O Be7 8.h3 
O-O 9.Bb3 a6 10.f4 Nxd4 11.Qxd4 b5 12.Be3 Bb7 13.a3 Rc8 14.Rad1 Rc7 15.e5 
dxe5 16.Qxe5 Nd7 17.Qh5 Qa8 18.Qe2 Bc5 19.f5 exf5 20.Rxf5 Bxe3+ 21.Qxe3 
Qc8 1/2-1/2

[Event "34th Rilton Cup"]
[Site "Stockholm SWE"]
[Date "2005.01.05"]
[Round "9.14"]
[White "Lindberg, Bosse"]
[Black "Marttala, Thomas"]
[Result "1-0"]
[WhiteElo "2326"]
[BlackElo "2245"]
[EventDate "2004.12.27"]
[PlyCount "45"]

1.d4 d5 2.c4 c6 3.Nf3 Nf6 4.Nc3 g6 5.cxd5 cxd5 6.Bf4 Bg7 7.e3 O-O 8.h3 Bf5
9.Qb3 Bc8 10.Rc1 Nc6 11.Be2 Na5 12.Qa3 Nc4 13.Qb3 Na5 14.Qb4 Nc6 15.Qa3 h6
16.Bh2 Be6 17.O-O Ne4 18.Na4 Qa5 19.Qb3 Qb4 20.Qxb4 Nxb4 21.Rc7 Nxa2 22.
Ra1 Rfc8 23.Rxa2 1-0